| 000 | 00550nam a22001937a 4500 | ||
|---|---|---|---|
| 003 | OSt | ||
| 005 | 20180116182951.0 | ||
| 008 | 131106b xxu||||| |||| 00| 0 eng d | ||
| 020 | _a9780205882984 | ||
| 040 |
_a0 _c0 |
||
| 082 | _a351 HEN 2012 | ||
| 100 | _aD. J. Henry | ||
| 245 |
_aMySearchLab with eText -- Access Card Package, 12/E _cD. J. Henry |
||
| 250 | _a12th Ed. | ||
| 260 |
_aUS _c2012 _b Pearson |
||
| 300 |
_a496 p _bPaper Bound with Access Card, |
||
| 440 | _aMySearchLab with eText -- Access Card Package, 12/E | ||
| 942 |
_2ddc _cBK |
||
| 999 |
_c349508 _d349508 |
||